Die größten Städte Deutschlands mit P - Statistiken

Allgemein
  • Dieses Quiz wurde 315 mal gespielt
  • Das Durchschnittsergebnis liegt bei 6 aus 12
Antwortstatistiken
Bundesland Stadt % Korrekt
Brandenburg Potsdam
92%
Nordrhein-Westfallen Paderborn
80%
Bayern Passau
76%
Baden-Württemberg Pforzheim
73%
Sachsen Plauen
66%
Niedersachsen Peine
56%
Schleswig-Holstein Pinneberg
56%
Rheinland-Pfalz Pirmasens
51%
Mecklenburg-Vorpommern Parchim
30%
Hessen Pfungstadt
17%
Saarland Püttlingen
12%
Thüringen Pößneck
8%
Keine übereinstimmenden Quizze gefunden
Verteilung der Resultate
Anzahl Personen mit jedem Resultat
Perzentil nach korrekt beantworteten Fragen
Ihre Resultats-Entwicklung
Sie haben dieses Quiz noch nicht gespielt